[Event "Asia zt 3.2"]
[Site "Colombo"]
[Date "2013.02.03"]
[Round "1"]
[White "Lodhi, Mahmood"]
[Black "Liyanage, NP."]
[Result "1-0"]
[WhiteElo "2355"]
[BlackElo "1922"]
[PlyCount "61"]
[EventDate "2013.02.03"]
[EventType "swiss"]
[EventRounds "9"]
[EventCountry "SRI"]
[SourceTitle "CBM 153 Extra"]
[Source "ChessBase"]
[SourceDate "2013.04.22"]
[SourceVersion "1"]
[SourceVersionDate "2013.04.22"]
[SourceQuality "1"]

1. d4 Nf6 2. Nf3 c5 3. g3 cxd4 4. Nxd4 e5 5. Nb3 d5 6. Bg2 Bb4+ 7. c3 Be7 8. Bg5 Be6 9. Bxf6 Bxf6 10. Nc5 Nc6 11. 0-0 Qb6 12. Nxe6 fxe6 13. Nd2 0-0 14. e4 Rad8 15. Qb3 Qc5 16. exd5 exd5 17. Ne4 Qc4 18. Qxc4 dxc4 19. Rfd1 Be7 20. Bf1 Na5 21. b4 cxb3 22. axb3 Nc6 23. Bc4+ Kh8 24. Bd5 g6 25. b4 a6 26. Kg2 Rc8 27. Bxc6 Rxc6 28. Rd7 Rc4 29. f3 Bxb4 30. cxb4 Rxb4 31. Rc1 1-0